000 01239nam a2200313Ia 4500
001 ebr10103428
003 CaPaEBR
006 m u
007 cr cn|||||||||
008 000815s2005 enk s 000 0 eng d
020 _z9781945448645
020 _z1845448634
040 _aCaPaEBR
_cCaPaEBR
035 _a(OCoLC)133165653
050 1 4 _aHD31
_b.T94 2005eb
082 0 4 _a658.4/02
_222
245 0 0 _a25th anniversary special issue
_h[electronic resource] /
_ceditor-in-chief Dr. Binshan Lin.
260 _aBradford, England :
_bEmerald Group Publishing,
_cc2005.
300 _a146 p.
490 1 _aIndustrial management and data systems ;
_vv. 105, no. 9
533 _aElectronic reproduction.
_bPalo Alto, Calif. :
_cebrary,
_d2009.
_nAvailable via World Wide Web.
_nAccess may be limited to ebrary affiliated libraries.
650 0 _aElectronic data processing.
650 0 _aIndustrial management.
655 7 _aElectronic books.
_2local
700 1 _aLin, Binshan.
710 2 _aebrary, Inc.
830 0 _aIndustrial management & data systems (Unnumbered) ;
_vv. 105, no. 9.
856 4 0 _uhttp://site.ebrary.com/lib/rucke/Doc?id=10103428
_zAn electronic book accessible through the World Wide Web; click to view
999 _c102512
_d102512